|
|
|
|
| LEADER |
00000nam0a2200000 4500 |
| 001 |
320638 |
| 005 |
20231102003311.0 |
| 035 |
|
|
|a (RuTPU)RU\TPU\book\346169
|
| 035 |
|
|
|a RU\TPU\book\36730
|
| 090 |
|
|
|a 320638
|
| 100 |
|
|
|a 20160713d1964 m y0rusy50 ca
|
| 101 |
0 |
|
|a rus
|
| 102 |
|
|
|a RU
|
| 105 |
|
|
|a a j 000zy
|
| 200 |
1 |
|
|a Металловедение и термическая обработка металлов
|e учебник
|f Ю. М. Лахтин
|
| 210 |
|
|
|a Москва
|c Металлургия
|d 1964
|
| 215 |
|
|
|a 471 с.
|c ил.
|
| 606 |
1 |
|
|a Металловедение
|x Общие вопросы
|2 stltpush
|3 (RuTPU)RU\TPU\subj\42403
|9 62070
|
| 606 |
1 |
|
|a Термическая обработка металлов
|2 stltpush
|3 (RuTPU)RU\TPU\subj\68426
|9 83756
|
| 610 |
1 |
|
|a металлы
|
| 610 |
1 |
|
|a термическая обработка
|
| 610 |
1 |
|
|a строение
|
| 610 |
1 |
|
|a пластическая деформация
|
| 610 |
1 |
|
|a рекристаллизация
|
| 610 |
1 |
|
|a теория
|
| 610 |
1 |
|
|a учебники
|
| 675 |
|
|
|a 669.017(075.8)
|v 4
|
| 675 |
|
|
|a 621.785(075.8)
|v 4
|
| 700 |
|
1 |
|a Лахтин
|b Ю. М.
|g Юрий Михайлович
|
| 801 |
|
0 |
|a RU
|b 63413507
|c 20011210
|g PSBO
|
| 801 |
|
2 |
|a RU
|b 63413507
|c 20171108
|g PSBO
|
| 900 |
|
|
|a Спецкурс 56
|
| 942 |
|
|
|c BK
|